000 00290nam a22001217a 4500
008 170828b xxu||||| |||| 00| 0 eng d
041 _aeng
080 _a070
100 _a39
101 _aMED
245 _aLOOKING AT MOVIES AN INTRODUCTION TO FILM
_cBARSAM.R
942 _2udc
_cBK
999 _c25188
_d25188